Learning and Intelligent Optimization : 8th International Conference, Lion 8, Gainesville, FL, USA, February 16–21, 2014 : Revised Selected Papers /

Selección de ponencias de la octava Conferencia Internacional sobre Aprendizaje y Optimización, que se llevó a cabo en Gainesville, EUA, en febrero de 2014. Los trabajos incluídos cubren una gran variedad de temas, como la configuración de algoritmos, la optimización multiobjetivo, la metaheurística...

ver descrição completa

Na minha lista:
Detalhes bibliográficos
Autor Corporativo: International Conference on Learning and Optimization ( Gainesville, EUA)
Outros Autores: Pardalos, Panos M. (edición) (edición)
Formato: Procedimiento de la conferencia Livro
Idioma:inglês
Publicado em: Cham, Suiza : Springer, 2014, c2014
Colecção:(Lecture Notes in Computer Science ; 8426)
Assuntos:
Acesso em linha:Ver documento en línea
Tags: Adicionar Tag
Sem tags, seja o primeiro a adicionar uma tag!

MARC

LEADER 00000nam^a2200000^a^4500
001 000561594
005 20251023000000.0
009 20260310131926.737
020 |a 978-3-319-07485-6 
037 |a Acervo ITESO - Biblioteca 
041 |a ING 
082 |a Libro en línea 
111 |a International Conference on Learning and Optimization (  |n 8a :  |d 2014 :  |c Gainesville, EUA) 
245 1 0 |a Learning and Intelligent Optimization :  |b 8th International Conference, Lion 8, Gainesville, FL, USA, February 16–21, 2014 : Revised Selected Papers /  |c Ed. de P.M. Pardalos... [et al.]. 
264 4 |a Cham, Suiza :  |b Springer,  |c 2014, c2014 
264 2 |a Cham, Suiza :  |b Springer Link [distribución],  |c 2014 
300 |a 1 libro electrónico en línea (XIII, 392 p.) 
300 |a 1 recurso en línea 
336 |a datos para computadora  |b cod  |2 rdacontenido 
337 |a computadora  |b c  |2 rdamedio 
338 |a recurso en línea  |b cr  |2 rdasoporte 
440 1 |a (Lecture Notes in Computer Science ;  |v 8426) 
506 0 |a Licencias ilimitadas 
520 |a Selección de ponencias de la octava Conferencia Internacional sobre Aprendizaje y Optimización, que se llevó a cabo en Gainesville, EUA, en febrero de 2014. Los trabajos incluídos cubren una gran variedad de temas, como la configuración de algoritmos, la optimización multiobjetivo, la metaheurísticas, los gráficos y las redes, logística, transporte y aplicaciones biomédicas. 
649 |a XX 
650 |a Ingeniería Biomédica -  |x Aspectos Tecnológicos 
650 |a Sistema de Transporte -  |x Aspectos Tecnológicos 
650 |a Logística Empresarial -  |x Aspectos Tecnológicos 
650 |a Computación Ubicua 
650 |a Métodos Gráficos 
650 |a Optimización 
650 |a Algoritmos Computacionales 
650 |a Agentes Inteligentes (Software) 
650 |a Aprendizaje Automático (Inteligencia Artificial) -  |x Tema Principal 
650 |a Inteligencia Artificial -  |x Congresos -  |x Tema Principal 
650 |a Algoritmos 
650 |a Autómatas Matemáticos -  |x Teoría 
650 |a Ingeniería Computacional 
700 |a Pardalos, Panos M.  |e (edición) 
856 4 0 |u https://link-springer-com.ezproxy.iteso.mx/10.1007/978-3-319-09584-4  |y Ver documento en línea 
910 |a Fondo General 
920 |a Electrónicos - Libros en Línea 
930 |a Plataforma Digital 
905 |a 205 
901 |a 561594-1  |b IT2  |c EBO  |i C  |u 20250521 
902 |a https://opac.biblio.iteso.mx/vufind/Record/000561594